logo

Bir Sreshtho Munshi Abdur Rouf Library
Jhenaidah Cadet College

কোডিংইন্টারভিউ প্রস্তুতি সমস্যা ও সমাধান (Record no. 12171)

MARC details
000 -LEADER
fixed length control field 00964nam a2200253 a 4500
001 - CONTROL NUMBER
JCCL Control Number 12171
003 - CONTROL NUMBER IDENTIFIER
JCCL marc code BD-JhCC
005 - DATE AND TIME OF LATEST TRANSACTION
control field 20210322125555.0
008 - FIXED-LENGTH DATA ELEMENTS--GENERAL INFORMATION
fixed length control field 210322b 2020bg a|||| ||a| 000 0 mul d
020 ## - INTERNATIONAL STANDARD BOOK NUMBER
International Standard Book Number 9789848042106
035 ## - SYSTEM CONTROL NUMBER
system control number (BD-JhCC)12171
040 ## - CATALOGING SOURCE
Original cataloging agency BD-JhCC
Modifying agency BD-JhCC
041 ## - LANGUAGE CODE
Language code of Book mul
082 ## - DEWEY DECIMAL CLASSIFICATION NUMBER
Classification number 005.133
Author mark and Year SUB
100 ## - MAIN ENTRY--PERSONAL NAME
Personal name সুবিন, তামিম শাহ্‌রিয়ার
245 ## - TITLE STATEMENT
Title কোডিংইন্টারভিউ প্রস্তুতি সমস্যা ও সমাধান
Statement of responsibility, etc তামিম শাহ্‌রিয়ার সুবিন
260 ## - PUBLICATION, DISTRIBUTION, ETC. (IMPRINT)
Place of publication, distribution, etc ঢাকা :
Name of publisher, distributor, etc দ্বিমিক প্রকাশনী,
Date of publication, distribution, etc ২০২০.
300 ## - PHYSICAL DESCRIPTION
Pagination ১৮০ পৃ. :
Other physical details চিত্রাবলী;
Dimensions ২৪ সে.মি.
650 ## - SUBJECT ADDED ENTRY--TOPICAL TERM
Topical term or geographic name as entry element Computer programming
650 ## - SUBJECT ADDED ENTRY--TOPICAL TERM
Topical term or geographic name as entry element Employment interviewing
650 ## - SUBJECT ADDED ENTRY--TOPICAL TERM
Topical term or geographic name as entry element Computer programmers--Employment
942 ## - ADDED ENTRY ELEMENTS (KOHA)
Source of classification or shelving scheme Dewey Decimal Classification
Koha item type Books
Holdings
Source of classification or shelving scheme Damaged status Not for loan Home library Current library Shelving location Cost, normal purchase price Total Checkouts Full call number Barcode Date last seen Copy number Koha item type
Dewey Decimal Classification     JCC Rouf Library JCC Rouf Library General Stacks 210.00   005.133 SUB 16594 03/22/2021 G-1 Books

JCC Library | Contacts | JCC Home

Last Update on 23 September 2017
Copyright @ 2017-2020 JCC Rouf Library
Rouf Library, Jhenidah Cadet College (JCC), Bangladesh